000 00444nam a22001817a 4500
003 MPLRDC
005 20220104113532.0
008 210129b ||||| |||| 00| 0 eng d
020 _a962-389-520-8
082 _a848.1 ZZR
100 _a周作人著; 曼碧、桂堂编撰
245 _a周作人小品赏析
_c
250 _a第一版
260 _a
_b学林书店
_c1990
300 _b
650 _a现代别集
942 _cBK
_o848.1 ZZR
999 _c408
_d398